Central Library OPAC University of Rajshahi

Mathematical investigations in the theory of value and prices / (Record no. 43018)

MARC details
000 -LEADER
fixed length control field 00986nam a2200265 a 4500
001 - CONTROL NUMBER
control field 43018
003 - CONTROL NUMBER IDENTIFIER
rucl marc code BD-RjUL
005 - DATE AND TIME OF LATEST TRANSACTION
control field 20211209053630.0
008 - FIXED-LENGTH DATA ELEMENTS--GENERAL INFORMATION
fixed length control field 160618r19611925enkaf b 000 0 eng
035 ## - SYSTEM CONTROL NUMBER
System control number (BD-RjUL)43136
040 ## - CATALOGING SOURCE
Original cataloging agency DLC
Language of cataloging eng
Transcribing agency MH
Modifying agency OCoLC
-- DLC
-- BD-RjU
041 ## - LANGUAGE CODE
Language code of text/sound track or separate title eng
082 04 - DEWEY DECIMAL CLASSIFICATION NUMBER
Classification number 330.0151
Edition number 23
Author mark and year FIM 1961
100 1# - MAIN ENTRY--PERSONAL NAME
Personal name Fisher, Irving,
Dates associated with a name 1867-1947.
9 (RLIN) 132095
245 10 - TITLE STATEMENT
Title Mathematical investigations in the theory of value and prices /
Statement of responsibility, etc. by Irving Fisher.
260 ## - PUBLICATION, DISTRIBUTION, ETC. (IMPRINT)
Place of publication, distribution, etc. New Haven :
Name of publisher, distributor, etc. Yale University Press,
Date of publication, distribution, etc. c1925 [Reprinted 1961]
300 ## - PHYSICAL DESCRIPTION
Pagination iv, 100 p. :
Illustrations front., pl., ill. ;
Size 24 cm.
500 ## - GENERAL NOTE
General note "From Transactions of the Connecticut academy, vol. IX, July, 1892."
General note "Read April 27, 1892. This memoir is in substance the writer's thesis for the degree of Ph. D. in Yale university, 1891."
650 #0 - SUBJECT ADDED ENTRY--TOPICAL TERM
Topical term or geographic name as entry element Economics, Mathematical.
9 (RLIN) 132096
Topical term or geographic name as entry element Value.
9 (RLIN) 119351
Topical term or geographic name as entry element Prices.
9 (RLIN) 130574
942 ## - ADDED ENTRY ELEMENTS (KOHA)
Source of classification or shelving scheme Dewey Decimal Classification
Koha item type Books
Holdings
Lost status Source of classification or shelving scheme Damaged status Not for loan Collection code Permanent Location Current Location Shelving location Date acquired Source of acquisition Cost, normal purchase price Total Checkouts Full call number Date last seen Copy number Koha item type
  Dewey Decimal Classification     Non-fiction Central Library, University of Rajshahi Central Library, University of Rajshahi   27/01/1963 Zeitlinger 45.00   330.0151 FIM 1961 18/06/2016 C-2 Books